All countries to participate in Miss International 2019 by picture - Statistics

General Stats
  • This quiz has been taken 4 times
  • The average score is 30 of 82
Answer Stats
Picture Answer % Correct
Laos
100%
Cameroon
75%
China
75%
Mauritius
75%
Mexico
75%
Argentina
50%
Armenia
50%
Australia
50%
Bolivia
50%
Brazil
50%
Canada
50%
Colombia
50%
Dominican Republic
50%
Ecuador
50%
France
50%
Ghana
50%
Hawaii
50%
Hong Kong
50%
Italy
50%
Japan
50%
New Zealand
50%
Norway
50%
Paraguay
50%
Peru
50%
Philippines
50%
Poland
50%
Portugal
50%
Puerto Rico
50%
Singapore
50%
Spain
50%
Sweden
50%
Taiwan
50%
Thailand
50%
Ukraine
50%
United Kingdom
50%
United States
50%
Venezuela
50%
Vietnam
50%
Aruba
25%
Belarus
25%
Belgium
25%
Burkina Faso
25%
Cambodia
25%
Chile
25%
Costa Rica
25%
Côte d'Ivoire
25%
Czechia
25%
Denmark
25%
El Salvador
25%
Finland
25%
Guadeloupe
25%
Guatemala
25%
Haiti
25%
Honduras
25%
India
25%
Liberia
25%
Macau
25%
Malaysia
25%
Mongolia
25%
Morocco
25%
Netherlands
25%
Nicaragua
25%
Nigeria
25%
Northern Mariana Islands
25%
Panama
25%
Romania
25%
Russia
25%
Slovakia
25%
South Africa
25%
South Sudan
25%
Sri Lanka
25%
Tahiti
25%
Tunisia
25%
Uganda
25%
Zimbabwe
25%
Belize
0%
Equatorial Guinea
0%
Guam
0%
Indonesia
0%
Myanmar
0%
Nepal
0%
Zambia
0%
No matching quizzes found
Score Distribution
Percent of People with Each Score
Percentile by Number Answered
Your Score History
You have not taken this quiz